=LDR 00000nam 2200000 4500 =001 INLIS000000000046926 =005 20200317073021 =035 ##$$a 0010-061500000000015 =008 200317################g##########0#ind## =020 ##$$a 978-602-99946-2-9 =082 ##$$a 297.77 =100 1#$$a Taufik, H. M. =245 1#$$a Kreativitas : $b Jalan baru pendidikan islam /$c Prof. Dr. H. M. Taufik, M. Ag. ; editor, Mukhlis Muma Leon =250 ##$$a cet.1 =260 ##$$a Mataram :$b IAIN Mataram,$c 2012 =300 ##$$a xv,225 Hlm : $b ilus. ; $c 23 x 16 cm. =850 ##$$aNBPNMAT =084 ##$$a 297.77 TAU k =500 ##$$a Bibliografi ; hlm. 191 -206 =500 ##$$a Indeks ; 207-212 =650 #4$$a Islam - Kreativitas =700 #$$a Mukhlis Muma Leon =990 ##$$a 31400138 =990 ##$$a 31400137